| 000 | 00613nam a22001937a 4500 | ||
|---|---|---|---|
| 005 | 20120114161120.0 | ||
| 008 | 120114t xxu||||| |||| 00| 0 eng d | ||
| 020 | _cRs 95.00 | ||
| 035 | _aB-44887 | ||
| 040 |
_aDPL _bENG |
||
| 082 | _a000 | ||
| 100 |
_aLal, M. B. _939209 |
||
| 245 |
_aUpkar's new banks recruitment tests _cby Lal and Bhatnagar |
||
| 260 |
_aAgra _bUpkar Prakashan _c2002 |
||
| 300 |
_avarious pages _c22x17 cm |
||
| 700 |
_aBhatnagar _939210 |
||
| 942 |
_2ddc _cEN _h000 _mLAL |
||
| 999 |
_c60918 _d60918 |
||